000 00582nam a2200193 4500
001 144426
003 ES-MaACL
005 20230906201020.0
007 t|
008 070214s1911 gw r ||||1| ger d
100 1 _aSiske, Georg.
_9106690
245 1 0 _aWillens
_b: und Charakterbildung bei Johann Ludwig Vives (1492-1540) /
_cvon Dr. Georg Siske.
260 _aLangensalza :
_bH. Beyer,
_c1911.
300 _a91 p.
490 1 _aPèadagogisches Magazin ;
_v460
830 0 _aPèadagogisches Magazin ;
_v460
_9220673
852 _aES-MaACL
_j1648-F-8
999 _c144426
_d144426